| 000 | 00772nam a22002055i 4500 | ||
|---|---|---|---|
| 001 | 157924 | ||
| 003 | ES-MaACL | ||
| 005 | 20230906210915.0 | ||
| 008 | 990625s1898 sp |||| | spa d | ||
| 040 |
_aCCPB | B _bspa _cCCPB | B |
||
| 100 | 1 |
_aLomba y Pedraja, José R., _d1868-1951 _973176 |
|
| 245 | 1 | 3 |
_aEl P. Arolas _b: su vida y sus versos : estudio crítico / _cpor José R. Lomba y Pedraja. |
| 260 |
_aMadrid : _b[s.n.], _c1898 ( _fEst. tip. "Sucesores de Rivadeneyra) |
||
| 300 |
_a243 p. ; _c23 cm. |
||
| 600 | 1 | 4 |
_aArolas, Juan ( _d1805-1849)- _vBiografías. _9222871 |
| 600 | 1 | 4 |
_aArolas, Juan ( _d1805-1849)- _xCrítica e interpretación. _9222874 |
| 752 |
_aEspaña - _dMadrid |
||
| 852 |
_aES-MaACL _jG-12732 _z-- Enc. hol. |
||
| 999 |
_c157924 _d157924 |
||